Kola jako ikona Ameriky

Začiatok príbehu Coca-Coly v americkom meste Atlanta pred 118 rokmi. Pôvodný nápoj ako liek na migrénu a chrípku. Coca-Cola ako registrovaná ochranná známka versus Pepsi-Cola. Súboj dvoch nápojových gigantov. Inovácie firmy Coca-Cola - neúspech u konzumentov. Tajomstvo receptúry. Súboj dvoch firiem...

Ausführliche Beschreibung

Gespeichert in:
Bibliographische Detailangaben
1. Verfasser: Peterka, Roman
Format: Buchkapitel
Sprache:Tschechisch
Schlagworte:
Tags: Tag hinzufügen
Keine Tags, Fügen Sie das erste Tag hinzu!

MARC

LEADER 00000naa$a2200000$$$4500
001 0022803
005 20231018124056.6
041 0 |a cze 
044 |a CZ 
245 1 0 |a Kola jako ikona Ameriky  |c Roman Peterka 
520 |a Začiatok príbehu Coca-Coly v americkom meste Atlanta pred 118 rokmi. Pôvodný nápoj ako liek na migrénu a chrípku. Coca-Cola ako registrovaná ochranná známka versus Pepsi-Cola. Súboj dvoch nápojových gigantov. Inovácie firmy Coca-Cola - neúspech u konzumentov. Tajomstvo receptúry. Súboj dvoch firiem pred Európskou komisiou. 
610 2 0 |a značky výrobkov 
610 2 0 |a známky ochranné 
610 2 0 |a história 
610 2 0 |a produkcia 
610 2 0 |a konkurencia trhová 
610 2 0 |a reklama 
610 2 0 |a tajomstvo obchodné 
610 2 0 |a USA 
610 2 0 |a Coca-Cola 
100 1 |a Peterka, Roman